[Event "67.C.to ITA Semifinale"]
[Site "Cortina d'Ampezzo ITA"]
[Date "2007.07.11"]
[Round "5.17"]
[White "Bartolini, Tommaso"]
[Black "Moncelli, Giorgio"]
[Result "1-0"]
[WhiteElo "2171"]
[BlackElo "2147"]
[Annotator "Gabriele Ballarin"]
[PlyCount "59"]
[EventDate "2007.07.08"]
[EventType "swiss"]
[EventCountry "ITA"]

1. d4 Nf6 2. Bg5 e6 3. Nd2 c5 4. e3 b6 5. Ngf3 Bb7 6. Bd3 Be7 7. O-O d6 8. c3 Nbd7 9. Re1 O-O 10. a4 a6 11. e4 cxd4 12. cxd4 h6 13. Bf4 e5 14. Bg3 Re8 15. Bf1 Bf8 16. dxe5 dxe5 17. Bc4 Bc5 18. Qb3 Qe7 19. Nh4 Nf8 20. Nf5 Qc7 21. Bh4 Nh5 22. Qf3 Nf4 23. Qg4 N4g6 24. Rac1 Bc8 25. Nf3 a5 26. Bf6 gxf6 27. N3h4 Be6 28. Nxh6+ Kh7 29. N6f5 Nxh4 30. Qg7# 1-0

[Event "67.C.to ITA Semifinale"]
[Site "Cortina d'Ampezzo ITA"]
[Date "2007.07.11"]
[Round "5.18"]
[White "Franchini, Gabriele"]
[Black "Campini, Marco"]
[Result "1/2-1/2"]
[WhiteElo "2244"]
[BlackElo "2111"]
[Annotator "Gabriele Ballarin"]
[PlyCount "32"]
[EventDate "2007.07.08"]
[EventType "swiss"]
[EventCountry "ITA"]

1. e4 d6 2. d4 Nf6 3. Nc3 g6 4. f3 Bg7 5. Be3 c6 6. Qd2 h5 7. h4 b5 8. Bd3 Qc7 9. a4 b4 10. Nce2 c5 11. c4 e5 12. dxc5 dxc5 13. Nc1 Na6 14. Nb3 Be6 15. Qf2 Rc8 16. Ne2 Rd8 {=} 1/2-1/2

[Event "67.C.to ITA Semifinale"]
[Site "Cortina d'Ampezzo ITA"]
[Date "2007.07.11"]
[Round "5.21"]
[White "Pomaro, Alberto"]
[Black "Ricci, Alfredo"]
[Result "0-1"]
[WhiteElo "2149"]
[BlackElo "2038"]
[Annotator "Gabriele Ballarin"]
[PlyCount "80"]
[EventDate "2007.07.08"]
[EventType "swiss"]
[EventCountry "ITA"]

1. d4 c5 2. d5 Nf6 3. c4 g6 4. Nc3 Bg7 5. e4 d6 6. Be2 O-O 7. Nf3 b5 8. cxb5 a6 9. O-O axb5 10. Bxb5 Qb6 11. Re1 Ba6 12. a4 Bxb5 13. Nxb5 Na6 14. Nd2 Nc7 15. Nc4 Qb8 16. Nxc7 Qxc7 17. Qc2 Rfb8 18. Bd2 Nd7 19. f4 Nb6 20. Ba5 Rxa5 21. Nxa5 Nxd5 22. exd5 Qxa5 23. Reb1 Qa8 24. a5 Qxd5 25. a6 c4 26. Kh1 Bd4 27. Rd1 e5 28. Ra4 Qa8 29. Rb1 d5 30. f5 Ba7 31. fxg6 hxg6 32. b3 Qc6 33. Rc1 Rb6 34. bxc4 d4 35. Ra5 e4 36. Rd5 d3 37. Qd2 Qf6 38. Rb5 Rxa6 39. h3 Ra3 40. Re1 e3 0-1

[Event "67.C.to ITA Semifinale"]
[Site "Cortina d'Ampezzo ITA"]
[Date "2007.07.11"]
[Round "5.22"]
[White "Bozzali, Ermanno"]
[Black "Cardili, Mariano"]
[Result "1-0"]
[WhiteElo "2138"]
[BlackElo "2094"]
[Annotator "Gabriele Ballarin"]
[PlyCount "53"]
[EventDate "2007.07.08"]
[EventType "swiss"]
[EventCountry "ITA"]

1. e4 e6 2. d4 d5 3. Nc3 Nf6 4. e5 Nfd7 5. f4 c5 6. Nf3 Nc6 7. Be3 cxd4 8. Nxd4 Bc5 9. Qd2 O-O 10. O-O-O a5 11. Qf2 Nxd4 12. Bxd4 Qc7 13. Qh4 b5 14. Bd3 g6 15. Ne2 Bb7 16. Rhf1 Rac8 17. Rf3 Rfe8 18. Rh3 Nf8 19. Qh6 Qe7 20. Bxc5 Rxc5 21. Ng3 f5 22. exf6 Qxf6 23. Nh5 Qf7 24. Qg5 Rec8 25. Nf6+ Kg7 26. Ng4 R5c7 27. Qe5+ 1-0

[Event "67.C.to ITA Semifinale"]
[Site "Cortina d'Ampezzo ITA"]
[Date "2007.07.11"]
[Round "5.23"]
[White "Alberton, Roberto"]
[Black "Caputi, Nicola"]
[Result "0-1"]
[WhiteElo "2132"]
[BlackElo "2007"]
[Annotator "Gabriele Ballarin"]
[PlyCount "42"]
[EventDate "2007.07.08"]
[EventType "swiss"]
[EventCountry "ITA"]

1. Nf3 Nf6 2. d4 e6 3. c4 b6 4. a3 c5 5. d5 Ba6 6. Qc2 exd5 7. cxd5 g6 8. Nc3 d6 9. Bg5 Bg7 10. g3 O-O 11. Bg2 Re8 12. O-O b5 13. b4 Nbd7 14. Rab1 Rc8 15. Qd2 cxb4 16. axb4 Qb6 17. h3 Nh5 18. Rfc1 Nxg3 19. Bf1 Rxc3 20. Rxc3 Ne4 21. Qe3 Bxc3 0-1

[Event "67.C.to ITA Semifinale"]
[Site "Cortina d'Ampezzo ITA"]
[Date "2007.07.11"]
[Round "5.24"]
[White "Vianello, Enrico"]
[Black "Carola, Paolo"]
[Result "1-0"]
[WhiteElo "2137"]
[BlackElo "1960"]
[Annotator "Gabriele Ballarin"]
[PlyCount "65"]
[EventDate "2007.07.08"]
[EventType "swiss"]
[EventCountry "ITA"]

1. d4 d5 2. c4 c6 3. Nc3 dxc4 4. e4 b5 5. a4 b4 6. Na2 e6 7. Bxc4 Nf6 8. e5 Nd5 9. Nf3 Be7 10. Qe2 a5 11. O-O Ba6 12. Bd2 O-O 13. Nc1 Qb6 14. Nb3 Nd7 15. Bg5 Bxg5 16. Nxg5 Bxc4 17. Qxc4 Qc7 18. Qd3 g6 19. Rfc1 Rad8 20. Qh3 h5 21. Nxe6 fxe6 22. Qxe6+ Kh7 23. Rxc6 Qxc6 24. Qxc6 Nb8 25. Qc4 Nf4 26. Re1 Rc8 27. Nc5 Nc6 28. d5 Ne7 29. d6 Ng8 30. d7 Rcd8 31. e6 Ne7 32. Nb7 Rb8 33. d8=Q 1-0

[Event "67.C.to ITA Semifinale"]
[Site "Cortina d'Ampezzo ITA"]
[Date "2007.07.11"]
[Round "5.25"]
[White "Chierici, Marianna"]
[Black "Ubezio, Marco"]
[Result "0-1"]
[WhiteElo "2004"]
[BlackElo "2189"]
[Annotator "Gabriele Ballarin"]
[PlyCount "120"]
[EventDate "2007.07.08"]
[EventType "swiss"]
[EventCountry "ITA"]

1. e4 Nf6 2. e5 Nd5 3. d4 d6 4. c4 Nb6 5. exd6 exd6 6. Nc3 Nc6 7. Be3 Bf5 8. Bd3 Bxd3 9. Qxd3 Be7 10. b3 O-O 11. Nge2 Re8 12. O-O g6 13. Ng3 d5 14. c5 Nc8 15. Qb5 Rb8 16. Rfe1 Bf6 17. Re2 N8e7 18. Qd3 Qd7 19. Rd1 Rbd8 20. Rb1 h5 21. Rd2 h4 22. Nge2 h3 23. Ng3 hxg2 24. Kxg2 a6 25. b4 Kg7 26. Nce2 Rh8 27. Nf4 Rh4 28. Rh1 Rdh8 29. Nfe2 Qh3+ 30. Kg1 Qg4 31. f3 Qd7 32. a3 Nd8 33. Nf4 Ne6 34. Nxe6+ Qxe6 35. Rg2 Qxe3+ 36. Qxe3 Bxd4 37. Kf2 Bxe3+ 38. Kxe3 Rc4 39. Kd3 Kf6 40. Ne4+ Kg7 41. Nc3 Rh3 42. Rf1 c6 43. Ne2 Nf5 44. Ng3 Kf6 45. Re1 Rd4+ 46. Kc3 Rf4 47. Rf1 Ne3 48. Ne2 Nxg2 49. Nxf4 Nxf4 50. Kb3 Rxh2 51. Ka4 d4 52. Ka5 Nd5 53. Rd1 Ra2 54. Rd3 Ke5 55. Ka4 g5 56. Kb3 Nc3 57. Kc4 Nb5 58. f4+ gxf4 59. Rd1 Rxa3 60. Re1+ Re3 0-1

[Event "67.C.to ITA Semifinale"]
[Site "Cortina d'Ampezzo ITA"]
[Date "2007.07.11"]
[Round "5.27"]
[White "Buratti, Marco"]
[Black "Occari, Maurizio"]
[Result "0-1"]
[WhiteElo "2085"]
[BlackElo "2008"]
[Annotator "Gabriele Ballarin"]
[PlyCount "62"]
[EventDate "2007.07.08"]
[EventType "swiss"]
[EventCountry "ITA"]

1. e4 g6 2. d4 Bg7 3. c3 d6 4. Nf3 Nf6 5. e5 dxe5 6. Nxe5 O-O 7. Bc4 c5 8. Qb3 e6 9. dxc5 Ne4 10. Qc2 Nxc5 11. Nf3 Nc6 12. O-O a6 13. a4 Qc7 14. Re1 Rb8 15. Be3 Nxa4 16. Qxa4 b5 17. Qa2 bxc4 18. Qxc4 Rxb2 19. Nbd2 Bb7 20. Qh4 Ne7 21. Bf4 Nf5 22. Qg4 Qxc3 23. Rac1 Rc2 24. Rb1 Bd5 25. h4 h5 26. Qh3 Rc8 27. g4 Nd4 28. Re3 Rc1+ 29. Rxc1 Qxc1+ 30. Kh2 Rc2 31. Re1 Nxf3+ 0-1

[Event "67.C.to ITA Semifinale"]
[Site "Cortina d'Ampezzo ITA"]
[Date "2007.07.11"]
[Round "5.28"]
[White "Cangiano, Federico"]
[Black "Quaranta, Cristiano"]
[Result "0-1"]
[WhiteElo "2057"]
[BlackElo "2068"]
[Annotator "Gabriele Ballarin"]
[PlyCount "76"]
[EventDate "2007.07.08"]
[EventType "swiss"]
[EventCountry "ITA"]

1. d4 d5 2. Nf3 c6 3. e3 Bf5 4. Bd3 Bxd3 5. cxd3 e6 6. O-O Nf6 7. Nc3 Be7 8. e4 dxe4 9. dxe4 O-O 10. Bf4 Qb6 11. Qc2 Nbd7 12. Rfd1 Rac8 13. h3 Rfd8 14. Be3 Qa5 15. a3 Qh5 16. Qb3 b6 17. Rac1 c5 18. e5 Ne8 19. Nb5 a6 20. Nc3 b5 21. Rd2 cxd4 22. Bxd4 Bg5 23. Nxg5 Qxg5 24. Rdc2 Nxe5 25. Ne4 Qxc1+ 26. Rxc1 Rxc1+ 27. Kh2 Rxd4 28. Qe3 Rdd1 29. Nc3 Nc4 30. Qa7 Rh1+ 31. Kg3 Ncd6 32. Qxa6 b4 33. axb4 Rc2 34. Qc6 Rxb2 35. Nb5 Rb3+ 36. f3 Nf5+ 37. Kf4 Rxb4+ 38. Ke5 Re1+ 0-1

[Event "67.C.to ITA Semifinale"]
[Site "Cortina d'Ampezzo ITA"]
[Date "2007.07.12"]
[Round "6.11"]
[White "Solinas, Carlo"]
[Black "Castaldo, Folco Vincenzo"]
[Result "0-1"]
[WhiteElo "2012"]
[BlackElo "2345"]
[Annotator "Gabriele Ballarin"]
[PlyCount "86"]
[EventDate "2007.07.08"]
[EventType "swiss"]
[EventCountry "ITA"]

1. e4 c5 2. d4 cxd4 3. c3 dxc3 4. Nxc3 Nc6 5. Nf3 d6 6. Bc4 a6 7. O-O Nf6 8. h3 e6 9. Qe2 Be7 10. Rd1 b5 11. Bb3 Bd7 12. Bf4 Qb8 13. e5 dxe5 14. Nxe5 Nxe5 15. Bxe5 Qb7 16. Bxf6 Bxf6 17. Ne4 Be7 18. Qg4 O-O 19. Ng3 Rad8 20. Rd2 Bc6 21. Nh5 g6 22. Re2 Bd5 23. Bc2 f5 24. Qg3 Bd6 25. Qg5 Qe7 26. Qxe7 Bxe7 27. Nf4 Bc4 28. Ree1 Bb4 29. Red1 e5 30. a3 Bc5 31. b3 Bf7 32. Ne2 Rc8 33. Rd2 Rfd8 34. Rxd8+ Rxd8 35. Rd1 Rxd1+ 36. Bxd1 Bxa3 37. Nc3 Bb2 38. Nb1 a5 39. Kf1 Be8 40. Ke1 a4 41. bxa4 bxa4 42. Kd2 a3 43. Bb3+ Bf7 0-1

[Event "67.C.to ITA Semifinale"]
[Site "Cortina d'Ampezzo ITA"]
[Date "2007.07.13"]
[Round "7.6"]
[White "Ramondino, Renzo"]
[Black "Piscopo, Pierluigi"]
[Result "0-1"]
[WhiteElo "2278"]
[BlackElo "2392"]
[Annotator "Gabriele Ballarin"]
[PlyCount "66"]
[EventDate "2007.07.08"]
[EventType "swiss"]
[EventCountry "ITA"]

1. Nf3 Nf6 2. c4 g6 3. Nc3 Bg7 4. e4 O-O 5. d4 c6 6. Be2 d5 7. e5 Ne4 8. O-O Nxc3 9. bxc3 dxc4 10. Bxc4 c5 11. Ng5 h6 12. Ne4 cxd4 13. cxd4 b6 14. Be3 Bb7 15. Ng3 Nc6 16. Qd2 e6 17. Rad1 Qh4 18. f4 Rad8 19. Bf2 Qe7 20. Qe2 Rd7 21. Ne4 Rfd8 22. Nd6 Rxd6 23. exd6 Rxd6 24. Qg4 Nxd4 25. Rfe1 h5 26. Qg3 Qd7 27. Rc1 Nf5 28. Qb3 Bd4 29. Bxd4 Nxd4 30. Qa3 Nf5 31. Qxa7 Rd2 32. Bf1 Qd5 33. Kh1 Rf2 0-1

[Event "67.C.to ITA Semifinale"]
[Site "Cortina d'Ampezzo ITA"]
[Date "2007.07.14"]
[Round "7.6"]
[White "Borgo, Giulio"]
[Black "Martorelli, Antonio"]
[Result "0-1"]
[WhiteElo "2414"]
[BlackElo "2264"]
[Annotator "Gabriele Ballarin"]
[PlyCount "100"]
[EventDate "2007.07.08"]
[EventType "swiss"]
[EventCountry "ITA"]

1. Nf3 c5 2. c4 Nc6 3. d4 cxd4 4. Nxd4 Qb6 5. Nb3 Nf6 6. Nc3 e6 7. e3 Be7 8. Be2 O-O 9. O-O d6 10. e4 Qd8 11. Bf4 b6 12. Qd2 Bb7 13. Rfd1 Ne5 14. f3 a6 15. Qe3 Ng6 16. Bg3 Qc7 17. a4 Rab8 18. a5 bxa5 19. Nxa5 Ba8 20. c5 e5 21. Nc4 d5 22. b4 Rxb4 23. c6 dxc4 24. Nd5 Qxc6 25. Nxe7+ Nxe7 26. Bxe5 Ng6 27. Bd6 Rb3 28. Qa7 Rc8 29. Rd4 Rb2 30. Qxa6 Rb1+ 31. Kf2 Rxa1 32. Qxa1 c3 33. Rc4 Qb6+ 34. Kf1 Rd8 35. Bc7 Qb2 36. Qxb2 cxb2 37. Rb4 Rc8 38. Rxb2 Bxe4 39. Bd6 Bd5 40. Kf2 h6 41. g3 Ne8 42. Bb8 Nf8 43. Be5 f6 44. Bd4 g6 45. Be3 Ra8 46. Rd2 Nc7 47. Rd1 Ra2 48. Ke1 Rc2 49. f4 Be4 50. Rd2 Nd5 {Nur} 0-1

[Event "67.C.to ITA Semifinale"]
[Site "Cortina d'Ampezzo ITA"]
[Date "2007.07.13"]
[Round "7.10"]
[White "Bozzali, Ermanno"]
[Black "De Santis, Alessio"]
[Result "0-1"]
[WhiteElo "2138"]
[BlackElo "2346"]
[Annotator "Gabriele Ballarin"]
[PlyCount "94"]
[EventDate "2007.07.08"]
[EventType "swiss"]
[EventCountry "ITA"]

1. e4 b6 2. d4 Bb7 3. Bd3 c5 4. c3 g6 5. Be3 d6 6. Nd2 Bg7 7. f4 cxd4 8. cxd4 Nf6 9. Qf3 O-O 10. Ne2 Nc6 11. O-O Nb4 12. Bb1 Rc8 13. Nc3 Ba6 14. Rc1 Qd7 15. h3 Nd3 16. Bxd3 Bxd3 17. Bf2 Ba6 18. a4 e5 19. b4 Nh5 20. b5 Bb7 21. Ne2 Rxc1+ 22. Rxc1 f5 23. Qb3+ Kh8 24. exf5 gxf5 25. Nf3 e4 26. Ng5 d5 27. h4 h6 28. Nh3 Nf6 29. Be1 Rg8 30. a5 bxa5 31. Bxa5 Ne8 32. g3 a6 33. b6 Bc6 34. Kh2 Bb5 35. Nhg1 Bf6 36. Rc5 Bc4 37. Qb2 Qb7 38. Bc3 Bd8 39. Ba5 Bxh4 40. Rxc4 dxc4 41. d5+ Bf6 42. Bc3 Bxc3 43. Nxc3 Kh7 44. Nge2 Nd6 45. Nd4 Rb8 46. Ne6 Qxb6 47. Nb5 Rg8 0-1

[Event "67.C.to ITA Semifinale"]
[Site "Cortina d'Ampezzo ITA"]
[Date "2007.07.12"]
[Round "7.11"]
[White "Bentivegna, Francesco"]
[Black "Tocchioni, Doriano"]
[Result "1-0"]
[WhiteElo "2277"]
[BlackElo "2261"]
[Annotator "Gabriele Ballarin"]
[PlyCount "91"]
[EventDate "2007.07.08"]
[EventType "swiss"]
[EventCountry "ITA"]

{[%evp 0,73,16,28,79,69,75,68,83,11,13,-1,13,11,24,-52,-8,-30,59,34,34,1,23,13,65,-61,63,-40,-35,25,8,25,129,23,192,-94,97,32,97,149,161,164,177,177,153,169,174,174,183,189,186,174,182,192,197,176,210,203,417,398,483,521,512,516,589,607,622,635,644,670,637,510,563,659,659,681]} 1. e4 c6 2. d4 d5 3. exd5 cxd5 4. c4 Nf6 5. Nc3 Nc6 6. Bg5 Be6 7. Be2 Qa5 8. Nf3 Ne4 9. O-O Nxc3 10. bxc3 dxc4 11. Rb1 O-O-O 12. a4 Bd5 13. Rb5 Qxc3 14. Qb1 Rd7 15. Rc1 Nxd4 16. Nxd4 Qxd4 17. Rxd5 Qxd5 18. Bxc4 Qxg5 19. Be6+ Kd8 20. Bxd7 Qxc1+ 21. Qxc1 Kxd7 22. Qd2+ Kc8 23. Qc3+ Kb8 24. Qe5+ Ka8 25. Qd5 a6 26. Qxf7 Ka7 27. h4 h5 28. g3 b5 29. a5 b4 30. Qe6 Rh6 31. Qd7+ Kb8 32. Qd8+ Kb7 33. Qxf8 Kc6 34. Qe8+ Kd5 35. Qxe7 Kc4 36. Qc7+ Kb3 37. Qxg7 Rd6 38. Qh7 Ka4 39. Qxh5 Rc6 40. Qd1+ b3 41. Qa1+ Kb4 42. h5 Rc2 43. h6 b2 44. Qxb2+ Rxb2 45. h7 Kxa5 46. h8=Q 1-0

[Event "67.C.to ITA Semifinale"]
[Site "Cortina d'Ampezzo ITA"]
[Date "2007.07.13"]
[Round "7.12"]
[White "Mola, Pietro"]
[Black "Xia, Jie"]
[Result "1/2-1/2"]
[WhiteElo "2276"]
[BlackElo "2166"]
[Annotator "Gabriele Ballarin"]
[PlyCount "88"]
[EventDate "2007.07.08"]
[EventType "swiss"]
[EventCountry "ITA"]

1. e4 c5 2. Nc3 Nc6 3. g3 g6 4. Bg2 Bg7 5. d3 d6 6. Be3 Nf6 7. h3 O-O 8. Nge2 Ne8 9. O-O e6 10. Qd2 Nd4 11. Rab1 Rb8 12. b4 Bd7 13. f4 b6 14. bxc5 bxc5 15. Rxb8 Qxb8 16. Rb1 Qc7 17. e5 dxe5 18. Rb7 Qc8 19. Rxa7 Bc6 20. Ne4 f5 21. Bxd4 cxd4 22. Nf2 Bxg2 23. Kxg2 Qc6+ 24. Kf1 exf4 25. Qxf4 Qc5 26. Qb8 Nd6 27. Qc7 Qxc7 28. Rxc7 Ra8 29. Rc6 Nb5 30. Rxe6 Rxa2 31. g4 Rxc2 32. gxf5 gxf5 33. Ng3 Kf7 34. Rb6 Rc5 35. Nh5 Be5 36. Kg2 Nd6 37. Kf3 Rc2 38. Ng3 Kf6 39. Ra6 Kg5 40. Ne2 h5 41. Ra5 Kf6 42. Rd5 {=} Nf7 43. h4 Ra2 44. Nh3 Ra1 1/2-1/2

[Event "67.C.to ITA Semifinale"]
[Site "Cortina d'Ampezzo ITA"]
[Date "2007.07.13"]
[Round "7.23"]
[White "Vianello, Enrico"]
[Black "Quaranta, Cristiano"]
[Result "1-0"]
[WhiteElo "2137"]
[BlackElo "2068"]
[Annotator "Gabriele Ballarin"]
[PlyCount "83"]
[EventDate "2007.07.08"]
[EventType "swiss"]
[EventCountry "ITA"]

1. d4 d5 2. c4 c6 3. Nf3 e6 4. e3 Nf6 5. Nbd2 Nbd7 6. Bd3 Bd6 7. O-O O-O 8. b3 e5 9. cxd5 cxd5 10. dxe5 Nxe5 11. Be2 Ne4 12. Bb2 Ng4 13. Rc1 f5 14. h3 Nexf2 15. Qc2 Nxh3+ 16. gxh3 Nxe3 17. Qc3 Qe7 18. Rfe1 Rf6 19. Kh1 Rh6 20. Bf1 f4 21. Re2 Bf5 22. Qd4 Be4 23. Rh2 Nf5 24. Qc3 Ng3+ 25. Kg1 Rg6 26. Rg2 b6 27. Kh2 Bf5 28. Qd4 Qf7 29. Ne5 Bxe5 30. Qxe5 Rh6 31. Rc7 Rxh3+ 32. Kg1 Rh1+ 33. Kf2 Bd7 34. Bb5 Re8 35. Rxd7 Rxe5 36. Rd8+ Qf8 37. Rxf8+ Kxf8 38. Bxe5 Rd1 39. Bxf4 Nf5 40. Bd3 g6 41. Bxf5 gxf5 42. Rg1 1-0

[Event "67.C.to ITA Semifinale"]
[Site "Cortina d'Ampezzo ITA"]
[Date "2007.07.13"]
[Round "7.27"]
[White "Stella, Andrea"]
[Black "Carola, Paolo"]
[Result "1-0"]
[WhiteElo "2214"]
[BlackElo "1960"]
[Annotator "Gabriele Ballarin"]
[PlyCount "57"]
[EventDate "2007.07.08"]
[EventType "swiss"]
[EventCountry "ITA"]

1. d4 d5 2. c4 c6 3. Nc3 dxc4 4. e4 b5 5. a4 b4 6. Na2 e6 7. Bxc4 Nf6 8. f3 Bb7 9. Be3 Be7 10. Ne2 O-O 11. O-O Nbd7 12. Nac1 c5 13. Nb3 Nb6 14. Qd3 cxd4 15. Nexd4 Nxc4 16. Qxc4 Qc8 17. Rfc1 Nd7 18. Qe2 Qb8 19. Qb5 Rd8 20. Na5 Bc8 21. Nac6 Qd6 22. Nxe7+ Qxe7 23. Nc6 Qf6 24. Nxd8 Qxd8 25. Qxb4 Rb8 26. Qd4 a5 27. Rd1 Rb7 28. Qd2 Qf6 29. Rac1 1-0

[Event "67.C.to ITA Semifinale"]
[Site "Cortina d'Ampezzo ITA"]
[Date "2007.07.14"]
[Round "9.14"]
[White "Ramondino, Renzo"]
[Black "Vianello, Enrico"]
[Result "0-1"]
[WhiteElo "2288"]
[BlackElo "2137"]
[Annotator "Gabriele Ballarin"]
[PlyCount "146"]
[EventDate "2007.07.08"]
[EventType "swiss"]
[EventCountry "ITA"]

1. e4 d6 2. d4 Nf6 {=} 3. Nc3 e5 4. Nge2 Be7 5. h3 c6 6. Be3 b5 7. a3 O-O 8. g4 Bb7 9. Bg2 Re8 10. d5 cxd5 11. exd5 a6 12. Ng3 Nfd7 13. Nf5 Bf8 14. Qe2 Nb6 15. Rd1 N8d7 16. O-O Qc7 17. Bc1 Rac8 18. Be4 Nc4 19. Rd3 Nc5 20. Rg3 Nxe4 21. Qxe4 g6 22. b3 Nb6 23. Nh6+ Kh8 24. Rf3 Re7 25. Bg5 Rd7 26. Rd3 Bg7 27. Qf3 e4 28. Qxe4 Bxc3 29. Rxc3 Qxc3 30. Be3 Qg7 31. Bd4 f6 32. g5 Nxd5 33. Re1 Rf8 34. Qf3 Re7 35. Rxe7 Qxe7 36. c4 bxc4 37. bxc4 Nb6 38. Qxf6+ Qxf6 39. gxf6 Nd7 40. f7+ Ne5 41. f4 Kg7 42. fxe5 dxe5 43. Bc5 Rc8 44. f8=Q+ Rxf8 45. Bxf8+ Kxf8 46. Ng4 Bc8 47. Nxe5 Bxh3 48. Kf2 Ke7 49. Ke3 g5 50. a4 h5 51. a5 Bg2 52. c5 Ke6 53. Nd3 Bf1 54. Nb4 Ke5 55. Kf2 Bc4 56. Ke3 g4 57. Kf2 h4 58. Kg2 Bd5+ 59. Kg1 g3 60. c6 Be4 61. c7 Bb7 62. Nc6+ Kd6 63. Nd4 Kxc7 64. Nf5 Be4 65. Nxh4 Kc6 66. Kf1 Kb5 67. Ke2 Kxa5 68. Ke3 Bc6 69. Kf4 g2 70. Nxg2 Bxg2 71. Ke3 Kb4 72. Kd2 Kb3 73. Kc1 Be4 0-1

[Event "10.Città di Padova Open A"]
[Site "Padova Ex Fornace Carotta"]
[Date "2007.12.15"]
[Round "1.1"]
[White "Lazic, Miroljub"]
[Black "Faccia, Sergio"]
[Result "1-0"]
[WhiteElo "2492"]
[BlackElo "2071"]
[Annotator "Gabriele Ballarin"]
[PlyCount "67"]
[EventDate "2007.12.15"]
[EventType "swiss"]
[EventRounds "9"]
[EventCountry "ITA"]

1. e4 e5 2. Bc4 Nf6 3. d3 c6 4. Nf3 d5 5. Bb3 Bg4 6. h3 Bxf3 7. Qxf3 Be7 8. Nc3 d4 9. Ne2 Nbd7 10. a3 Nc5 11. Ba2 Ne6 12. O-O O-O 13. g3 Qd7 14. Qg2 Bd6 15. f4 exf4 16. gxf4 Bc7 17. Bd2 Kh8 18. Kh1 Rg8 19. Qf3 Rae8 20. Rf2 Nf8 21. c3 Ne6 22. Bxe6 fxe6 23. cxd4 Bb6 24. Bc3 Rd8 25. Rg2 Rdf8 26. Rag1 Ne8 27. h4 e5 28. dxe5 Bxg1 29. Kxg1 c5 30. f5 Nc7 31. Nf4 Qf7 32. h5 h6 33. Rg6 Re8 34. e6 1-0

[Event "10.Città di Padova Open A"]
[Site "Padova Ex Fornace Carotta"]
[Date "2007.12.15"]
[Round "1.2"]
[White "Quaranta, Cristiano"]
[Black "Naumkin, Igor"]
[Result "1/2-1/2"]
[WhiteElo "2070"]
[BlackElo "2486"]
[Annotator "Gabriele Ballarin"]
[PlyCount "50"]
[EventDate "2007.12.15"]
[EventType "swiss"]
[EventRounds "9"]
[EventCountry "ITA"]

1. d4 Nf6 2. Bg5 e6 3. Nf3 h6 4. Bf4 b6 5. Nbd2 Bb7 6. e3 Be7 7. Bd3 c5 8. c3 Nc6 9. h3 O-O 10. O-O cxd4 11. exd4 a6 12. Qe2 b5 13. Ne4 Na5 14. Nxf6+ Bxf6 15. Ne5 d6 16. Ng4 Bg5 17. Bxg5 Qxg5 18. f4 Qh4 19. f5 exf5 20. Rxf5 Rae8 21. Qf1 Qg3 22. d5 Bc8 23. Rf3 Qh4 24. Rf4 Bxg4 25. Rxg4 Qh5 1/2-1/2

[Event "10.Città di Padova Open A"]
[Site "Padova Ex Fornace Carotta"]
[Date "2007.12.15"]
[Round "1.3"]
[White "Laketic, Gojko"]
[Black "Casciello, Dimitri"]
[Result "1-0"]
[WhiteElo "2433"]
[BlackElo "2017"]
[Annotator "Gabriele Ballarin"]
[PlyCount "78"]
[EventDate "2007.12.15"]
[EventType "swiss"]
[EventRounds "9"]
[EventCountry "ITA"]

1. c4 Nf6 2. Nc3 g6 3. e4 d6 4. d4 Bg7 5. Nf3 O-O 6. Be2 e5 7. d5 Na6 8. Bg5 h6 9. Bh4 g5 10. Bg3 Nxe4 11. Nxe4 f5 12. Nc3 f4 13. Nd2 Bf5 14. Nde4 Nc5 15. Nxc5 dxc5 16. Bd3 e4 17. Nxe4 Bxe4 18. Bxe4 Bxb2 19. Rb1 Bc3+ 20. Ke2 Qf6 21. Rxb7 fxg3 22. f3 Be5 23. hxg3 Bxg3 24. Qd3 Bd6 25. g4 Kg7 26. Kd2 a5 27. Kc2 Rab8 28. Rhb1 Rxb7 29. Rxb7 Qa1 30. Qa3 Qe1 31. Qc3+ Qxc3+ 32. Kxc3 Ra8 33. a4 Kf6 34. Kd3 Ke5 35. Ke3 Kf6 36. Rb5 Bf4+ 37. Ke2 Bd6 38. Kd3 Ke5 39. Ke2 Kf6 1-0

[Event "10.Città di Padova Open A"]
[Site "Padova Ex Fornace Carotta"]
[Date "2007.12.15"]
[Round "1.5"]
[White "Dragojlovic, Andjelko"]
[Black "Rossi, Giampiero"]
[Result "1-0"]
[WhiteElo "2409"]
[BlackElo "1991"]
[Annotator "Gabriele Ballarin"]
[PlyCount "69"]
[EventDate "2007.12.15"]
[EventType "swiss"]
[EventRounds "9"]
[EventCountry "ITA"]

1. e4 c5 2. Nf3 e6 3. d3 d6 4. g3 Nc6 5. Bg2 g6 6. O-O Bg7 7. c3 Nge7 8. h4 O-O 9. h5 Rb8 10. hxg6 hxg6 11. d4 cxd4 12. cxd4 d5 13. e5 Qb6 14. Nc3 Nf5 15. Ne2 Bd7 16. g4 Nh6 17. Nh2 Rfc8 18. a3 Na5 19. b4 Nc4 20. Bg5 Kf8 21. Nf4 Ng8 22. Re1 Bh6 23. Bxh6+ Nxh6 24. Qf3 Kg7 25. Rad1 Ba4 26. Rd3 Bc2 27. Rc3 Be4 28. Nh5+ gxh5 29. Qf6+ Kh7 30. Rxe4 Qd8 31. Rf4 Qxf6 32. Rxf6 Rg8 33. Rh3 Rg6 34. Rxh5 Rxf6 35. exf6 1-0

[Event "10.Città di Padova Open A"]
[Site "Padova Ex Fornace Carotta"]
[Date "2007.12.15"]
[Round "1.6"]
[White "Belloni, Umberto"]
[Black "Mrdja, Milan"]
[Result "0-1"]
[WhiteElo "1912"]
[BlackElo "2408"]
[Annotator "Gabriele Ballarin"]
[PlyCount "53"]
[EventDate "2007.12.15"]
[EventType "swiss"]
[EventRounds "9"]
[EventCountry "ITA"]

1. e4 c5 2. Nf3 d6 3. d3 Nc6 4. h3 g6 5. Be2 Bg7 6. O-O e5 7. c3 Nge7 8. Nh2 O-O 9. Nd2 d5 10. Ndf3 h6 11. Bd2 f5 12. Qc2 Kh7 13. g4 Be6 14. Kh1 fxe4 15. dxe4 dxe4 16. Qxe4 Bd5 17. Qe3 e4 18. Ne1 Nd4 19. Bd1 Bc6 20. Ng2 Nd5 21. Qg3 Nf3 22. Bxf3 exf3 23. Nxf3 Nf6 24. Bxh6 Bxh6 25. Rad1 Ne4 26. Qh4 Qxh4 27. Nfxh4 0-1

[Event "10.Città di Padova Open A"]
[Site "Padova Ex Fornace Carotta"]
[Date "2007.12.15"]
[Round "1.7"]
[White "Manca, Federico"]
[Black "Moratto, Davide"]
[Result "1-0"]
[WhiteElo "2405"]
[BlackElo "1855"]
[Annotator "Gabriele Ballarin"]
[PlyCount "57"]
[EventDate "2007.12.15"]
[EventType "swiss"]
[EventRounds "9"]
[EventCountry "ITA"]

1. e4 c5 2. c3 d6 3. d4 Nf6 4. Bd3 cxd4 5. cxd4 e6 6. Nc3 Nc6 7. Nf3 Be7 8. O-O O-O 9. h3 Bd7 10. e5 Ne8 11. Bf4 dxe5 12. dxe5 Nb4 13. Bb1 Bc6 14. Qe2 Nc7 15. Rd1 Ncd5 16. Bc1 Qb6 17. Ng5 g6 18. Nce4 h6 19. Nf3 Kg7 20. a3 Na6 21. b4 Rad8 22. Bd3 Ba4 23. Re1 Nac7 24. Nd6 f5 25. exf6+ Bxf6 26. Nc4 Qc6 27. Nfe5 Qe8 28. Bxg6 Qe7 29. Bxh6+ 1-0

[Event "10.Città di Padova Open A"]
[Site "Padova Ex Fornace Carotta"]
[Date "2007.12.15"]
[Round "1.8"]
[White "Litrico, Paolo"]
[Black "Vuelban, Virgilio"]
[Result "0-1"]
[WhiteElo "1823"]
[BlackElo "2399"]
[Annotator "Gabriele Ballarin"]
[PlyCount "74"]
[EventDate "2007.12.15"]
[EventType "swiss"]
[EventRounds "9"]
[EventCountry "ITA"]

1. d4 Nf6 2. Nf3 g6 3. Nc3 Bg7 4. e4 d6 5. Be3 O-O 6. Qd2 Bg4 7. Be2 Nc6 8. h3 Bxf3 9. Bxf3 e5 10. d5 Nd4 11. Bg4 b5 12. Bf3 Nxf3+ 13. gxf3 Nh5 14. Ne2 f5 15. Bg5 Qd7 16. Ng3 Nf4 17. O-O-O fxe4 18. fxe4 Nxh3 19. Rh2 Nxg5 20. Qxg5 Rf4 21. Rdh1 Rg4 22. Qe3 h5 23. Nxh5 gxh5 24. Rxh5 Rg6 25. Rf5 Rf8 26. Rxf8+ Bxf8 27. Qxa7 Qg4 28. Qe3 Qg2 29. Qh3 Bh6+ 30. Kd1 Qxe4 31. Qc8+ Kh7 32. Qxc7+ Rg7 33. Rxh6+ Kxh6 34. Qxd6+ Kh7 35. Qc5 Rg1+ 36. Kd2 Qe1+ 37. Kd3 e4+ 0-1